Sports Quiz

Random Sports Quiz

2009 AL Team Pitching Statistics Quiz Stats

 Plays Quiz not verified by Sporcle

Challenge
Share
Tweet
Embed
Score 0/22 Timer 05:00
0 Plays Today
Statistic Team % Correct
WinsNew York Yankees
98.8%
LossesBaltimore Orioles
76.8%
SavesAngels and Yankees (tied)
70.7%
Complete GamesBlue Jays and Royals (tied)
69.5%
StrikeoutsNew York Yankees
58.5%
Hits AllowedBaltimore Orioles
57.3%
Runs AllowedBaltimore Orioles
57.3%
HR AllowedBaltimore Orioles
57.3%
SO/9 (highest)New York Yankees
51.2%
ShutoutsLos Angeles Angels
48.8%
HBPNew York Yankees
46.3%
Statistic Team % Correct
H/9 (lowest)Seattle Mariners
46.3%
ERASeattle Mariners
43.9%
WalksKansas City Royals
42.7%
Intentional WalksBaltimore Orioles
40.2%
WHIPSeattle Mariners
40.2%
Innings PitchedMinnesota Twins
39%
SO/BBBoston Red Sox
37.8%
Wild PitchesKansas City Royals
34.1%
HR/9 (lowest)Oakland Athletics
34.1%
BB/9 (lowest)Minnesota Twins
31.7%
BalksTexas Rangers
25.6%

You're not logged in!

Compare scores with friends on all Sporcle quizzes.
Join for Free
OR
Log In

You Might Also Like...

Show Comments

Extras

Top Quizzes Today


Score Distribution

Your Account Isn't Verified!

In order to create a playlist on Sporcle, you need to verify the email address you used during registration. Go to your Sporcle Settings to finish the process.

Report this User

Report this user for behavior that violates our Community Guidelines.

Details: